002930000a220007300045001000017000002450110000173000046001277730046001731 aTrumper, Tim10aThe metaphorical import of adoption : A plea for realisation. I : The adoption metaphor in biblical usage aVol. 14, Num. 2 (1997), Páginas 129-1450 tScottish Bulletin of Evangelical Theology